Multivalued differential equations

Αποθηκεύτηκε σε:
Λεπτομέρειες βιβλιογραφικής εγγραφής
Κύριος συγγραφέας: Deimling, Klaus 1943-
Μορφή: Βιβλίο
Γλώσσα:English
Δημοσίευση: Berlin : New York : W. de Gruyter, 1992
Σειρά:De Gruyter series in nonlinear analysis and applications ; ; 1
Θέματα:
Ετικέτες: Προσθήκη ετικέτας
Δεν υπάρχουν, Καταχωρήστε ετικέτα πρώτοι!

MARC

LEADER 00000cam a2200000 i 4500
001 1/57873
008 941103s1992 eng d
020 |a 3110132125  |c $59.00 
035 |l 10045811 
035 |a 1993  |c ΚΑΝΔΥΛΑΚΗΣ 
040 |a GR-MY-UA  |b gre  |e aacr 
041 0 |a eng 
082 0 |a 515.352  |2 (20) 
100 1 |a Deimling, Klaus  |d 1943- 
245 1 0 |a Multivalued differential equations /  |c Klaus Deimling 
260 |a Berlin :   |a New York :   |b W. de Gruyter,   |c 1992 
300 |a xi, 260 p.;  |b ill.;  |c 25 cm 
490 1 |a De Gruyter series in nonlinear analysis and applications  |v ; 1  |x 0941-813X 
504 |a Includes bibliographical references (p. [243]-257) and index 
650 0 0 |a Differential inclusions. 
650 0 0 |a Differential equations, Nonlinear. 
650 0 0 |a Fixed point theory. 
650 0 0 |a Control theory. 
830 0 |a De Gruyter series in nonlinear analysis and applications ;  |v ; 1  |x 0941-813X 
852 |a INST  |b SAMOS  |e 19941103  |h 515.352 DEI  |p 005300004909  |q 005300004909  |t BK  |y 0 
909 |a Σ  |b 026928